Los difíciles o J'adore ce qui me brule

Gespeichert in:
Bibliographische Detailangaben
1. Verfasser: Frisch, Max (VerfasserIn)
Format: Buch
Sprache:Spanisch
Veröffentlicht: Barcelona Seix Barral 1964
Schriftenreihe:Biblioteca Breve, 225
Schlagworte:
Tags: Tag hinzufügen
Keine Tags, Fügen Sie den ersten Tag hinzu!

MARC

LEADER 00000cam a2200000 a 4500
001 UCE1261
003 CL-VaPUC
008 140407e19640000sp |||||||||||||||||spa|d
082 0 4 |a 830.03  |b FRI  |2 21 
100 0 |a Frisch, Max  |e author  |9 573617 
245 1 4 |a Los difíciles o J'adore ce qui me brule 
300 |a 258 p 
942 |c BK 
945 |d 20140407 11:30:00  |a cmena 
260 |a Barcelona  |b Seix Barral  |c 1964 
650 7 |a NOVELAS SUIZAS  |2 CL-VaPUC  |9 573618 
650 7 |a LITERATURA SUIZA  |2 CL-VaPUC  |9 573619 
583 |a last modification  |c 20140407 11:30:00  |k Rodrigo Vera 
490 0 |a Biblioteca Breve, 225 
999 |c 355117  |d 355115 
952 |0 0  |1 0  |3 erb  |4 0  |6 830_030000000000000_FRI_1964  |7 0  |8 A  |9 461499  |a BIBEDU  |b BIBEDU  |i 5050847  |l 1  |o 830.03 FRI 1964  |p 5050847  |r 2022-08-08  |s 2022-05-23  |w 2019-11-23  |y BK  |z Catalogado en:20140407  |k LIT